[Event "UTD Invitational GM"]
[Site "Richardson USA"]
[Date "2008.11.28"]
[Round "6"]
[White "Wang Puchen"]
[Black "Boskovic,D"]
[Result "1/2-1/2"]
[WhiteElo "2450"]
[BlackElo "2452"]

1.e4 c5 2.Nf3 e6 3.d4 cxd4 4.Nxd4 a6 5.Bd3 Nf6 6.O-O d6 7.c4 Bd7 8.Nc3 Nc6
9.Nf3 Be7 10.b3 O-O 11.Bb2 Rc8 12.Rc1 Qa5 13.a3 Qh5 14.Ne2 Rfd8 15.Ng3 Qa5
16.b4 Qc7 17.h3 Be8 18.Qe2 Nd7 19.Bb1 Bf6 20.Bxf6 Nxf6 21.c5 Ne5 22.Nxe5 dxe5
23.Rfd1 Bb5 24.Bd3 Bxd3 25.Rxd3 Rxd3 26.Qxd3 Rd8 27.Qe2 Rd4 28.Rd1 Qd7 29.Rxd4 exd4
30.Qd3 e5 31.f4 exf4 32.Nf5 g6 33.Nd6 Qe7 34.Qxd4 Nh5 35.e5 f3 36.Qd5 f2+
37.Kf1 Ng3+ 38.Kxf2 Nf5 39.Kg1 Nh6 40.Qxb7 Qg5 41.Qb8+ Kg7 42.Ne8+ Kf8 43.e6 Qe3+
44.Kh2 Ng4+ 45.hxg4 Qh6+ 46.Kg1 Qe3+ 47.Kf1 Qd3+ 48.Kf2 Qd2+ 49.Kf3 Qd3+
50.Kf4 Qd4+ 51.Kg5 Qe3+ 52.Kh4 Qh6+ 53.Kg3 Qe3+ 54.Kh2 Qh6+ 55.Kg1 Qe3+ 56.Kf1 Qd3+
57.Ke1 Qe3+  1/2-1/2

[Event "sub-zt 2.3.4 Absoluto"]
[Site "San Andres COL"]
[Date "2008.11.28"]
[Round "5"]
[White "Echavarria,J"]
[Black "Zuluaga,C"]
[Result "1-0"]
[WhiteElo "2376"]
[BlackElo "2320"]

1.e4 c5 2.Nf3 e6 3.d4 cxd4 4.Nxd4 a6 5.Bd3 Qc7 6.O-O Nf6 7.Qe2 d6 8.f4 Nbd7
9.c4 g6 10.f5 e5 11.Nc2 Bg7 12.Nc3 b6 13.Be3 Bb7 14.Nb4 h6 15.Rac1 Qd8 16.Bc2 O-O
17.Rfd1 gxf5 18.exf5 a5 19.Nbd5 Rc8 20.b3 Re8 21.Qf3 Nc5 22.Qh3 Bxd5 23.Nxd5 Nxd5
24.Rxd5 Qf6 25.Rcd1 Rcd8 26.Bf2 Qe7 27.f6 Bxf6 28.Qxh6 e4 29.Bd4 Bxd4+ 30.R1xd4 f6
31.Qg6+ Qg7 32.Qxg7+ Kxg7 33.Rxd6 Rxd6 34.Rxd6 e3 35.Kf1 Re6 36.Rd4 Re5 37.Ke2 f5
38.Rd5 Rxd5 39.cxd5 f4 40.g3 fxg3 41.hxg3 Kf6 42.Kxe3 Ke5 43.g4 Kxd5 44.g5 Ne6
45.g6 Ke5 46.a4 Ng7 47.Bd3 Ne8 48.Bc4 Nd6 49.Bf7 Kf6 50.Kd4 b5 51.b4 bxa4
52.bxa5 a3 53.Kc3 Kg7 54.a6 Nb5+ 55.Kb3 Kf6 56.Ka2 Kg7 57.Bc4 Nc7 58.a7 Kxg6
59.Kxa3 Kf6 60.Kb4 Ke7 61.Kc5 Kd7 62.Kb6 Kd6 63.Kb7 Kd7 64.Bf1 Kd8 65.Bh3  1-0

[Event "21st Belgrade Trophy"]
[Site "Obrenovac SRB"]
[Date "2008.11.29"]
[Round "3"]
[White "Vucinic,G"]
[Black "Panic,Ne"]
[Result "0-1"]
[WhiteElo "1920"]
[BlackElo "2360"]

1.e4 c5 2.Nf3 e6 3.d4 cxd4 4.Nxd4 a6 5.Bd3 Nc6 6.Nxc6 dxc6 7.O-O Bd6 8.Be3 Nf6
9.f4 e5 10.f5 b5 11.a4 Bb7 12.Nd2 O-O 13.Qe2 c5 14.axb5 axb5 15.Bxb5 Rxa1
16.Rxa1 Nxe4 17.Nxe4 Bxe4 18.Qg4 Bxc2 19.Rc1 Bb3 20.Bh6 Qf6 21.Bg5 h5 22.Qg3 Qxf5
23.Rf1 Qg4 24.Qxb3 Qxg5 25.Bc4 Qe7 26.Qf3 g6 27.Qf6 Qxf6 28.Rxf6 Be7 29.Rxg6+ Kh7
30.Rc6 Kg7 31.Rc7 Kf6 32.Rc6+ Kg7 33.Rc7 Bg5 34.Kf1 Be3 35.Ke2 Bf4 36.b3 Kg6
37.Rc6+ Kg5 38.Rc7 f5 39.Rg7+ Kf6 40.Ra7 h4 41.Bd5 e4 42.Ra6+ Kg5 43.h3 Rd8
44.Bc4  0-1

[Event "TCh-HUN 2008-9"]
[Site "Budapest HUN"]
[Date "2008.11.30"]
[Round "3"]
[White "Varga,Zo"]
[Black "Sikula,V"]
[Result "1/2-1/2"]
[WhiteElo "2494"]
[BlackElo "2528"]

1.e4 c5 2.Nf3 e6 3.d4 cxd4 4.Nxd4 a6 5.Bd3 Bc5 6.Nb3 Be7 7.Qg4 Bf6 8.O-O Ne7
9.Nc3 d6 10.Bg5 e5 11.Qg3 Bxg5 12.Qxg5 O-O  1/2-1/2

[Event "TCh-HUN 2008-9"]
[Site "Decs HUN"]
[Date "2008.11.30"]
[Round "3"]
[White "Kubacsny,L"]
[Black "Taskovits,I"]
[Result "1/2-1/2"]
[WhiteElo "2334"]
[BlackElo "2326"]

1.e4 c5 2.Nf3 e6 3.d4 cxd4 4.Nxd4 a6 5.Bd3 Nc6 6.Be3 Nf6 7.Nc3 Qc7 8.O-O Ne5
9.h3 Bc5 10.Qe2 d6 11.f4 Nxd3 12.cxd3 b5 13.Nb3 Bxe3+ 14.Qxe3 Qa7 15.Qxa7 Rxa7
16.Rac1 Bb7 17.Na5 Kd7 18.Nxb7 Rxb7 19.Ne2 Rc8 20.Rxc8 Kxc8 21.Rc1+ Rc7 22.Rxc7+ Kxc7
23.g4 Kc6 24.Kf2 Kc5 25.Ke3 a5 26.g5 Nh5 27.d4+ Kc4 28.Nc3 a4 29.Nb1 Kb4
30.h4 g6 31.Na3 d5 32.Nc2+ Kc4 33.Na3+ Kb4 34.Nc2+ Kc4 35.Na3+ Kb4  1/2-1/2

[Event "Mediterranean Open"]
[Site "Rijeka CRO"]
[Date "2008.12.01"]
[Round "4"]
[White "Nikolov,Sas"]
[Black "Cvitan,O"]
[Result "1/2-1/2"]
[WhiteElo "2409"]
[BlackElo "2541"]

1.e4 c5 2.Nf3 e6 3.d4 cxd4 4.Nxd4 a6 5.Bd3 Nf6 6.O-O d6 7.f4 g6 8.Nf3 Bg7
9.Qe1 Nbd7 10.Nbd2 O-O 11.Nb3 e5 12.fxe5 dxe5 13.Kh1 b6 14.Qh4 Nh5 15.Bg5 f6
16.Bc4+ Kh8 17.Be3 Bb7 18.Rad1 Qc7 19.Bd5 Bxd5 20.Rxd5 Nf4 21.Bxf4 exf4 22.Nfd4 Rae8
23.Qxf4 Qxf4 24.Rxf4 Nc5 25.Nxc5 bxc5 26.Rxc5 f5 27.c3 Bh6 28.Rf1 fxe4 29.Rxf8+ Rxf8
30.g3 Rf2 31.Re5 e3 32.h4 Rxb2 33.g4 Kg8 34.g5 Bg7 35.Rxe3 Rxa2 36.Re8+ Kf7
37.Ra8  1/2-1/2

[Event "Open"]
[Site "Figueira da Foz POR"]
[Date "2008.12.02"]
[Round "4"]
[White "Spraggett,K"]
[Black "Rotstein,A"]
[Result "1-0"]
[WhiteElo "2597"]
[BlackElo "2496"]

1.e4 c5 2.Nf3 e6 3.d4 cxd4 4.Nxd4 a6 5.Bd3 Nf6 6.O-O Qc7 7.Qe2 d6 8.c4 g6
9.Nc3 Bg7 10.Rd1 O-O 11.Nf3 Nc6 12.h3 Nd7 13.Be3 b6 14.Rac1 Bb7 15.Bb1 Nce5
16.Nxe5 Bxe5 17.Qd2 Nf6 18.Bd4 Rfd8 19.Re1 Bxd4 20.Qxd4 Nd7 21.b3 Rac8 22.Qd2 Nc5
23.Red1 e5 24.b4 Nd7 25.Bd3 Nf6 26.Qe3 Ba8 27.Re1 Kg7 28.a3 Qb8 29.f4 exf4
30.Qxf4 Qa7 31.Qf2 Nd7 32.Qd4+ Ne5 33.Bf1 Qc7 34.Kh1 Re8 35.Red1 h5 36.Na4 Rb8
37.Qxd6 Qc6 38.Qxc6 Bxc6 39.Nc3 Rbd8 40.Kg1 a5 41.Kf2 axb4 42.axb4 Ra8 43.Ra1 Rec8
44.Rxa8 Bxa8 45.Rd4 Nc6 46.Rd6 Nxb4 47.Rxb6 Nc6 48.Nd5 Ne5 49.Rb4 Rc5 50.Rb5 Rxb5
51.cxb5 Bxd5 52.exd5 Nd7 53.Bc4 f5 54.d6 Kf6 55.Bd5 g5 56.Bc6 Nb6 57.d7 Ke7
58.h4 gxh4 59.Kf3 Nc4 60.Kf4  1-0

[Event "Open"]
[Site "Figueira da Foz POR"]
[Date "2008.12.05"]
[Round "7"]
[White "Cruz,Jor"]
[Black "Galego,L"]
[Result "1-0"]
[WhiteElo "2139"]
[BlackElo "2484"]

1.e4 c5 2.Nf3 e6 3.d4 cxd4 4.Nxd4 a6 5.Bd3 Nf6 6.O-O d6 7.c4 Nbd7 8.Nc3 Qc7
9.b3 b5 10.Bb2 b4 11.Nb1 Bb7 12.Nd2 g6 13.Qc2 Bg7 14.Rae1 O-O 15.Kh1 Nc5
16.f4 e5 17.Ne2 Ng4 18.Ng1 exf4 19.Bxg7 Kxg7 20.Rxf4 h5 21.Be2 d5 22.Ref1 dxe4
23.Bxg4 hxg4 24.Qb2+ Kg8 25.Rxg4 Rae8 26.Rf5 Nd3 27.Qf6 Qc6 28.Nxe4 Qe6 29.Rh4  1-0

[Event "Mediterranean Open"]
[Site "Rijeka CRO"]
[Date "2008.12.05"]
[Round "8"]
[White "Melia,S"]
[Black "Cvitan,O"]
[Result "1/2-1/2"]
[WhiteElo "2410"]
[BlackElo "2541"]

1.e4 c5 2.Nf3 e6 3.d4 cxd4 4.Nxd4 a6 5.Bd3 Bc5 6.Nb3 Be7 7.O-O d6 8.Be3 Nf6
9.f4 O-O 10.Qf3 Nc6 11.Nc3 Bd7 12.Na4 Nb4 13.Nb6 Rb8 14.Nxd7  1/2-1/2

[Event "III Open"]
[Site "Palma de Mallorca ESP"]
[Date "2008.12.06"]
[Round "1"]
[White "Andersen,Mad"]
[Black "Kveinys,A"]
[Result "0-1"]
[WhiteElo "2156"]
[BlackElo "2533"]

1.e4 c5 2.Nf3 e6 3.d4 cxd4 4.Nxd4 a6 5.Bd3 Nf6 6.O-O Qc7 7.Qe2 d6 8.c4 g6
9.Nc3 Bg7 10.Rd1 O-O 11.Nf3 Nc6 12.Bc2 Ng4 13.Bf4 Nge5 14.Bb3 Bd7 15.Rac1 Rac8
16.Nd5 Nxf3+ 17.Qxf3 exd5 18.cxd5 Ne5 19.Bxe5 Qxc1 20.Bxg7 Kxg7 21.Rxc1 Rxc1+
22.Bd1 Rfc8 23.h3 Ba4 24.b3 Bb5 25.Kh2 R8c3 26.Qf4 Rxd1 27.Qxd6 Rc8 28.a4 Be8
29.e5 Rd2 30.Qf6+ Kg8 31.d6 Bd7 32.Kg3 Re8 33.f3 Re2 34.f4 Bc6 35.Kh4 Rxg2
36.f5 gxf5 37.Qxf5 Re6 38.Kh5 Kg7  0-1

[Event "TCh-BEL 2008-9"]
[Site "Belgium BEL"]
[Date "2008.12.07"]
[Round "5"]
[White "Wemmers,X"]
[Black "Dambacher,M"]
[Result "1/2-1/2"]
[WhiteElo "2397"]
[BlackElo "2485"]

1.e4 c5 2.Nf3 e6 3.d4 cxd4 4.Nxd4 a6 5.Bd3 Nf6 6.O-O Qc7 7.Qe2 d6 8.f4 Nbd7
9.Nf3 Nc5 10.Nc3 b5 11.Bd2 Be7 12.b4 Nxd3 13.cxd3 O-O 14.Rfc1 Qb7 15.Nd4 e5
16.Nb3 exf4 17.Bxf4 Bg4 18.Qf2 Rac8 19.Na5 Qa8 20.a4 bxa4 21.Nc4 Rc6 22.Rxa4 Qd8
23.Rca1 d5 24.exd5 Nxd5 25.Nxd5 Qxd5 26.Ne5 Rg6 27.Nxg6 hxg6 28.Be3 Bf6 29.Re1 Qxd3
30.Bc5 Rd8 31.Qf1 Qxf1+ 32.Kxf1 Bd7 33.Ra3 Bb5+ 34.Kg1 Rd2 35.Rf3 Rd5 36.Bf2 Be5
37.Bg3 Bd4+ 38.Bf2 Be5 39.Bg3 Bd4+ 40.Kh1 Bf6 41.Rc1 g5 42.h3 Kh7 43.Bf2  1/2-1/2

[Event "TCh-SLO"]
[Site "Murska Sobota SLO"]
[Date "2008.12.07"]
[Round "2"]
[White "Srebrnic,M"]
[Black "Sebenik,M"]
[Result "1-0"]
[WhiteElo "2302"]
[BlackElo "2485"]

1.e4 c5 2.Nf3 e6 3.d4 cxd4 4.Nxd4 a6 5.Bd3 Bc5 6.Nb3 Be7 7.O-O d6 8.Be3 Nd7
9.c4 Ngf6 10.Nc3 b6 11.f3 O-O 12.Qd2 Bb7 13.Rfd1 Qc7 14.Qf2 Rac8 15.Rac1 Bd8
16.Bf1 Qb8 17.Nd4 Bc7 18.g3 Rfe8 19.b4 Ne5 20.Nb3 Qa8 21.Be2 d5 22.exd5 exd5
23.c5 Nc4 24.Bd4 Be5 25.cxb6 Nd7 26.Na4 Bc6 27.Nbc5 Bxd4 28.Rxd4 Nxc5 29.Nxc5 Nxb6
30.Bxa6 Rc7 31.b5 Bd7 32.Rdd1 Bf5 33.Nb3 Qa7 34.Na5 Rxc1 35.Rxc1 Bh3 36.Nc6 Qc7
37.Re1 Rxe1+ 38.Qxe1 h5 39.Qe8+ Kh7 40.Qe5 Qxe5 41.Nxe5 d4 42.Bb7 Be6 43.a3 f5
44.f4 d3 45.Kf2 Nc4 46.Nxc4 Bxc4 47.b6  1-0

[Event "III Open"]
[Site "Palma de Mallorca ESP"]
[Date "2008.12.07"]
[Round "2"]
[White "Lechado Artigues,P"]
[Black "D'Costa,L"]
[Result "0-1"]
[WhiteElo "2021"]
[BlackElo "2411"]

1.e4 c5 2.Nf3 e6 3.d4 cxd4 4.Nxd4 a6 5.Bd3 g6 6.Be3 Bg7 7.Nd2 Ne7 8.O-O d5
9.c3 O-O 10.Qe2 Qc7 11.N4b3 Nbc6 12.a4 dxe4 13.Bxe4 f5 14.Bf3 e5 15.Qc4+ Kh8
16.a5 e4 17.Be2 Qb8 18.Nc5 f4 19.Bd4 Nxd4 20.cxd4 Nf5 21.Ndxe4 Nxd4 22.Ng5 Qe5
23.Nge4 f3 24.Bxf3 Rxf3 25.gxf3 Bh3 26.Ng3 Nxf3+ 27.Kh1 Nd2 28.Nd3 Nxc4 29.Nxe5 Bxf1  0-1

[Event "III Open"]
[Site "Palma de Mallorca ESP"]
[Date "2008.12.08"]
[Round "3"]
[White "Andersen,Mad"]
[Black "Henrichs,T"]
[Result "1-0"]
[WhiteElo "2156"]
[BlackElo "2485"]

1.e4 c5 2.Nf3 e6 3.d4 cxd4 4.Nxd4 a6 5.Bd3 Bc5 6.Nb3 Be7 7.Qg4 Bf6 8.Qg3 Nc6
9.N1d2 Ne5 10.Nc4 Nxc4 11.Bxc4 d6 12.O-O Qc7 13.Bd3 Ne7 14.Bf4 e5 15.Be3 Ng6
16.Qf3 Be6 17.Qe2 O-O 18.g3 Rfe8 19.c4 Ne7 20.Rac1 Nc6 21.f3 Qe7 22.Qd2 a5
23.Na1 h6 24.h4 Nb4 25.a3 Nxd3 26.Qxd3 Rec8 27.a4 Rc6 28.b3 Qd7 29.Nc2 Bd8
30.f4 f5 31.fxe5 fxe4 32.Qxe4 d5 33.Qd3 dxc4 34.Qxd7 Bxd7 35.Nd4 Bb6 36.bxc4 Rac8
37.Nc2 Bc7 38.Nd4 Rg6 39.Bf4 Bb6 40.Rfd1 Bxa4 41.Rd2 Bc5 42.Kh2 Be8 43.Nf5 Ra8
44.Nd6 Bc6 45.Rb1 b6 46.Ra1 Re6 47.Nf5 g5 48.hxg5 hxg5 49.Bxg5 Rxe5 50.g4 Rae8
51.Bf6 Re4 52.g5 Rxc4 53.g6 Rg4 54.Nh6+  1-0

[Event "III Open"]
[Site "Palma de Mallorca ESP"]
[Date "2008.12.11"]
[Round "6"]
[White "Serra Olives,T"]
[Black "Roos,M GER"]
[Result "0-1"]
[WhiteElo "2156"]
[BlackElo "2367"]

1.e4 c5 2.Nf3 e6 3.d4 cxd4 4.Nxd4 a6 5.Bd3 Bc5 6.Nb3 Be7 7.O-O d6 8.f4 Nd7
9.Qe2 Qc7 10.c4 b6 11.Nc3 Ngf6 12.Bd2 Bb7 13.Kh1 O-O 14.Rae1 Rad8 15.Nd1 Rfe8
16.Nf2 e5 17.f5 h6 18.Ng4 Nxg4 19.Qxg4 Nf6 20.Qe2 Rc8 21.Rf3 Nh7 22.Rg3 Bh4
23.Qg4 Bxg3 24.Bxh6 f6 25.Qxg3 Red8 26.Nd2 b5 27.b3 Kh8 28.Be3 Qa5 29.Be2 Rd7
30.Bh5 Kg8 31.Bg6 Nf8 32.h4 Qxa2 33.h5 bxc4 34.bxc4 Rxc4 35.Nxc4 Qxc4 36.h6 Qxe4
37.hxg7 Nxg6 38.Qxg6 Qh4+ 39.Kg1 Qxe1+ 40.Kh2 Qh4+ 41.Kg1 Rxg7  0-1

[Event "TCh-NED 2008-9"]
[Site "Netherlands NED"]
[Date "2008.12.13"]
[Round "4"]
[White "Ootes,La"]
[Black "Rotstein,A"]
[Result "1/2-1/2"]
[WhiteElo "2223"]
[BlackElo "2500"]

1.e4 c5 2.Nf3 e6 3.d4 cxd4 4.Nxd4 a6 5.Bd3 Nf6 6.O-O Qc7 7.Qe2 d6 8.c4 g6
9.Rd1 Bg7 10.Nf3 O-O 11.Nc3 Nc6 12.Bf4 Nh5 13.Bg5 Bxc3 14.bxc3 f6 15.Be3 e5
16.c5 dxc5 17.Bxc5 Re8 18.Bc4+ Be6 19.Bxe6+ Rxe6 20.Qc4 Qf7 21.Rd2 b5 22.Qb3 Na5
23.Qd1 Ree8 24.Rd7 Qe6 25.Rd6 Qc4 26.Bb6 Nb7 27.Rd7 Nc5 28.Bxc5 Qxc5 29.Qb3+ Qc4
30.Qxc4+ bxc4 31.g3 Ng7 32.Rb1 Rad8 33.Rbb7 Rxd7 34.Rxd7 Ne6 35.Rd6 Nc5 36.Rxf6 Nxe4
37.Rc6 Nxc3 38.Rxc4 Nxa2 39.Ra4 Nc1 40.Rxa6 Nd3 41.Rd6 e4 42.Ng5 Ne1 43.Kf1 Nf3
44.Nxf3 exf3 45.Rf6 Kg7 46.Rxf3 h5 47.h4 Ra8 48.Rb3 Ra2 49.Kg2 Kf6 50.Kf3 Kf5
51.Rb5+ Kf6 52.Rb6+  1/2-1/2

[Event "Helio da Motta Filho Cup"]
[Site "Rio de Janeiro BRA"]
[Date "2008.12.13"]
[Round "8"]
[White "Chauca,J"]
[Black "Mascarenhas,Alb"]
[Result "0-1"]
[WhiteElo "2185"]
[BlackElo "2228"]

1.e4 c5 2.Nf3 e6 3.d4 cxd4 4.Nxd4 a6 5.Bd3 Nf6 6.O-O d6 7.b3 Be7 8.Bb2 O-O
9.c4 Nbd7 10.Nc3 Nc5 11.Bc2 Re8 12.b4 Ncd7 13.Ba4 g6 14.a3 Rf8 15.Bc1 Nb6
16.Bh6 Nxa4 17.Qxa4 Re8 18.h3 Bd7 19.Qb3 Rc8 20.Rac1 Qc7 21.Qd1 e5 22.Nd5 Nxd5
23.cxd5 Qb6 24.Nf3 Rxc1 25.Qxc1 Rc8 26.Qd2 Rc4 27.Rc1 Qc7 28.Rxc4 Qxc4 29.Qe3 Qc7
30.g4 f6  0-1

[Event "Masters"]
[Site "Berkeley USA"]
[Date "2008.12.17"]
[Round "4"]
[White "Naroditsky,D"]
[Black "Kustar,S"]
[Result "1-0"]
[WhiteElo "2382"]
[BlackElo "2356"]

1.e4 c5 2.Nf3 e6 3.d4 cxd4 4.Nxd4 a6 5.Bd3 g6 6.O-O Bg7 7.Nb3 d6 8.Nc3 Nf6
9.a4 b6 10.Qe2 Nbd7 11.Bg5 Qc7 12.f4 Bb7 13.f5 gxf5 14.exf5 e5 15.Ne4 Nxe4
16.Bxe4 d5 17.f6 Bf8 18.Bf5 Rg8 19.Bf4 d4 20.Rf2 Bd6 21.Bxh7 O-O-O 22.Bg3 Rge8
23.Be4 Nc5 24.Nxc5 Bxc5 25.Bxb7+ Qxb7 26.b4 Bxb4 27.Qc4+ Bc5 28.Kh1 a5 29.Rf5 Qe4
30.Rb1 Re6 31.Rg5 Qd5 32.Qa6+ Qb7 33.Qe2 Rde8 34.Rxe5 Rxe5 35.Bxe5 Qd5 36.Qa6+ Kd7
37.Bg3 Re4 38.Rf1 Re3 39.Qa7+ Ke6 40.Qb8 Qc6 41.Qg8 Re4 42.Qh7 Kd5 43.Qxf7+ Qe6
44.Qb7+  1-0

[Event "XXI Carlos Torre KO"]
[Site "Merida MEX"]
[Date "2008.12.18"]
[Round "2.1"]
[White "Quezada Perez,Y"]
[Black "Gonzalez Zamora,J"]
[Result "1/2-1/2"]
[WhiteElo "2580"]
[BlackElo "2568"]

1.e4 c5 2.Nf3 e6 3.d4 cxd4 4.Nxd4 a6 5.Bd3 Bc5 6.Nb3 Ba7 7.Qe2 Nc6 8.Be3 d6
9.f4 Nge7 10.N1d2 O-O 11.c3 Bxe3 12.Qxe3 b5 13.O-O Rb8 14.Kh1 e5 15.f5 f6
16.a4 Kh8 17.axb5 axb5 18.g4 d5 19.Qc5 Bb7 20.Rad1 b4 21.c4 dxc4 22.Bxc4 Nd4
23.Nxd4 Qxd4 24.Qxd4 exd4 25.Kg1 Nc6 26.Nf3 Ne5  1/2-1/2

[Event "TCh-ISR 2008-9"]
[Site "Israel ISR"]
[Date "2008.12.19"]
[Round "3"]
[White "Shevelev,A"]
[Black "Ribshtein,N"]
[Result "1/2-1/2"]
[WhiteElo "2292"]
[BlackElo "2349"]

1.e4 c5 2.Nf3 e6 3.d4 cxd4 4.Nxd4 a6 5.Bd3 Bc5 6.Nb3 Ba7 7.Qe2 Nc6 8.Be3 d6
9.c4 e5 10.Bxa7 Rxa7 11.Nc3 Nge7 12.O-O O-O 13.Rac1 Ng6 14.g3 Qg5 15.Nd5 Bh3
16.Rfe1 a5 17.Qe3 Qxe3 18.Rxe3 a4 19.Nd2 Be6 20.Bf1 Ra5 21.Ra3 Rfa8 22.Nc7 Rd8
23.h3 Nge7 24.Nd5 Nc8 25.Kg2 Kf8 26.Be2 Nd4 27.Bd1 Bxd5 28.cxd5 Nb6 29.Nb3 Nxb3
30.axb3 Rb5 31.Rc7 Rd7 32.Rc3 axb3 33.Bg4 Re7 34.Raxb3 Rxb3 35.Rxb3 Na4 36.Rb4 Nc5
37.Be2 Rc7 38.Bb5 Ke7  1/2-1/2

[Event "10th Mirko Srajber Mem"]
[Site "Subotica SRB"]
[Date "2008.12.20"]
[Round "4"]
[White "Roganovic,Milo"]
[Black "Markus,Rob"]
[Result "1/2-1/2"]
[WhiteElo "2458"]
[BlackElo "2616"]

1.e4 c5 2.Nf3 e6 3.d4 cxd4 4.Nxd4 a6 5.Bd3 Ne7 6.c4 Nbc6 7.Nc2 Ng6 8.O-O Bc5
9.Nc3 d6 10.Kh1 e5 11.Nd5 O-O 12.b4 Ba7 13.Rb1 Be6 14.Nce3 Nd4 15.Nf5 b5
16.Nxd4 Bxd4 17.Be3 Bxd5 18.exd5 Bxe3 19.fxe3 Qb6 20.Qe2 bxc4 21.Bxc4 e4
22.Qd2 Rfc8 23.Be2 Ne5 24.Rfc1 g6 25.a4 Nd3 26.Bxd3 exd3 27.h3 Re8 28.Qxd3 Rxe3
29.Qc4 Rae8 30.Qc6 Qd4 31.Qxd6 Rxh3+ 32.gxh3 Qe4+ 33.Kg1 Qe3+ 34.Kg2 Qe2+
35.Kg1 Qe3+  1/2-1/2

[Event "8th Amplico AIG Life Rapid"]
[Site "Warsaw POL"]
[Date "2008.12.20"]
[Round "2"]
[White "Lukasiewicz,An"]
[Black "Gritsak,O"]
[Result "0-1"]
[WhiteElo "2103"]
[BlackElo "2519"]

1.e4 c5 2.Nf3 e6 3.d4 cxd4 4.Nxd4 a6 5.Bd3 Nf6 6.O-O d6 7.Kh1 Nbd7 8.f4 b5
9.a4 bxa4 10.Nc3 Bb7 11.Rxa4 Be7 12.Qe2 Nc5 13.Ra1 O-O 14.Bd2 Rc8 15.Nf3 Nxd3
16.cxd3 Nd7 17.Be3 Re8 18.Qf2 Bf8 19.Nd4 Nc5 20.Rad1 Qd7 21.f5 e5 22.Nf3 f6
23.Qh4 Na4 24.Nxa4 Qxa4 25.Qh5 d5 26.exd5 Bxd5 27.Rd2 Bf7 28.Qh3 Rc2 29.Ne1 Rxd2
30.Bxd2 Rd8 31.Bc3 h5 32.Qe3 Bd5 33.Qe2 Qg4 34.Qxg4 hxg4 35.Nc2 Bb3 36.Ne3 g3
37.hxg3 Rxd3 38.Re1 Bc5 39.Nf1 Kf7 40.g4 Rd8 41.g5 Rh8+ 42.Nh2 Bf2 43.g6+ Ke8
44.Rc1 Bg3 45.Be1 Rxh2+ 46.Kg1 Bf4 47.Rc3 Bd5 48.g3 Rh1+ 49.Kf2 Bh6  0-1

[Event "8th Amplico AIG Life Rapid"]
[Site "Warsaw POL"]
[Date "2008.12.20"]
[Round "4"]
[White "Kulon,K"]
[Black "Stangl,M"]
[Result "0-1"]
[WhiteElo "2228"]
[BlackElo "2458"]

1.e4 c5 2.Nf3 e6 3.d4 cxd4 4.Nxd4 a6 5.Bd3 Qc7 6.Qe2 d6 7.Be3 Nd7 8.Nd2 Nc5
9.O-O Nf6 10.f4 Be7 11.b4 Nxd3 12.cxd3 O-O 13.Rac1 Qd8 14.a3 Bd7 15.N4b3 Bb5
16.Na5 Qd7 17.Nac4 Bd8 18.Nb6 Bxb6 19.Bxb6 Rfc8 20.Be3 Rc6 21.Bd4 e5 22.Bb2 Rac8
23.Nc4 Qe6 24.f5 Qe7 25.a4 Bxa4 26.Nb6 Rxc1 27.Bxc1 Rc2 28.Qd1 Rxg2+ 29.Kxg2 Bxd1
30.Rxd1 d5 31.Bg5 Qxb4 32.Bxf6 Qxb6 33.Bxe5 Qe3 34.Ra1  0-1

[Event "8th Amplico AIG Life Rapid"]
[Site "Warsaw POL"]
[Date "2008.12.20"]
[Round "6"]
[White "Sanz Alonso,F"]
[Black "Drozdowski,K"]
[Result "1/2-1/2"]
[WhiteElo "2410"]
[BlackElo "2039"]

1.e4 c5 2.Nf3 e6 3.d4 cxd4 4.Nxd4 a6 5.Bd3 Ne7 6.O-O Nbc6 7.Nb3 d5 8.Nc3 dxe4
9.Nxe4 Ng6 10.Bg5 Be7 11.Bxe7 Qxe7 12.c3 O-O 13.Qh5 h6 14.f4 Qc7 15.g3 Nce7
16.Rae1 b6 17.Nd4 Bb7 18.Nf3 Rad8 19.Bc2 Bxe4 20.Bxe4 Qc5+ 21.Qxc5 bxc5 22.Rd1 Rfe8
23.Nd2 Nf8 24.Nc4 Nd5 25.Bf3 Nh7 26.Rd2 Nhf6 27.Rfd1 Rb8 28.Kf2 g5 29.fxg5 hxg5
30.Ne5 Kg7 31.c4 Ne7 32.g4 Ng6 33.Nxg6 Kxg6 34.b3 a5 35.h3 Rh8 36.Kg3 Rb4
37.Rd8 Rxd8 38.Rxd8 a4 39.Bd1 axb3 40.axb3 Ne4+ 41.Kf3 f5 42.Bc2 Kf6 43.Ke3 Rb7
44.Rc8 Rh7 45.gxf5 exf5 46.Bxe4 Rxh3+ 47.Bf3 g4 48.Rc6+ Kg5 49.Rxc5 Rxf3+
50.Ke2 Rxb3 51.Rc8 Kf4 52.c5 Rb2+ 53.Kd3 Rb3+ 54.Kd2 Kf3 55.Rf8 Rb2+ 56.Kc3 Rb7
57.Rxf5+ Ke3 58.Rg5 Kf3  1/2-1/2

[Event "8th Amplico AIG Life Rapid"]
[Site "Warsaw POL"]
[Date "2008.12.20"]
[Round "7"]
[White "Mista,A"]
[Black "Akesson,R"]
[Result "1-0"]
[WhiteElo "2559"]
[BlackElo "2484"]

1.e4 c5 2.Nf3 e6 3.d4 cxd4 4.Nxd4 a6 5.Bd3 g6 6.O-O Bg7 7.Be3 d6 8.f4 Nf6
9.c4 e5 10.Nc2 Ng4 11.f5 Nxe3 12.Nxe3 Qb6 13.Qe2 Bh6 14.Rf3 gxf5 15.exf5 Nd7
16.Nc3 Nf6 17.Kh1 Bxe3 18.Rxe3 Bd7 19.Rxe5+ Kf8 20.Re7 Rg8 21.Re1 Qd8 22.Nd5 Nxd5
23.cxd5 Be6 24.fxe6 Qxe7 25.exf7  1-0

[Event "8th Amplico AIG Life Rapid"]
[Site "Warsaw POL"]
[Date "2008.12.20"]
[Round "8"]
[White "Bartel,Mat"]
[Black "Stangl,M"]
[Result "1/2-1/2"]
[WhiteElo "2602"]
[BlackElo "2458"]

1.e4 c5 2.Nf3 e6 3.d4 cxd4 4.Nxd4 a6 5.Bd3 Qc7 6.O-O Nf6 7.Qe2 d6 8.b3 g6
9.Bb2 Bg7 10.Nd2 O-O 11.a4 Bd7 12.f4 Nc6 13.N2f3 Nh5 14.g3 Nxd4 15.Nxd4 Qc5
16.Qf2 e5 17.fxe5 Bxe5 18.c3 Rac8 19.Rac1 Nf6 20.Nf3 Qxf2+ 21.Rxf2 Ng4 22.Re2 Bg7
23.c4 Rfe8 24.Bxg7 Kxg7 25.Rce1 Re7 26.Bc2 b5 27.cxb5 axb5 28.a5 b4 29.Nd4 Ra8
30.Ra1 Ne5 31.Rd2 Bc8 32.Bd1 Rea7 33.Rda2 Ba6 34.Nc2 Nc6 35.e5 d5 36.Bf3 Rd8
37.Rd1 Rad7 38.Kf2 h5 39.h4 Kh6 40.Rd2 Kg7 41.Ra4 Bb5 42.Ra1 Ba6 43.Rad1 Nxa5
44.Nxb4 Bb7 45.Rb1 d4 46.Nd3 Rc8 47.Bxb7 Rxb7 48.b4 Nc4 49.Rc2 Nxe5 50.Rxc8 Nxd3+
51.Kf3 Rxb4 52.Rxb4 Nxb4 53.Ke4 d3 54.Rc4 d2 55.Rd4 Nc6 56.Rxd2 Ne7 57.Kf4 Nf5
58.Rd3 Nh6 59.Kf3 Ng4 60.Rd4 Ne5+ 61.Kf4  1/2-1/2

[Event "8th Amplico AIG Life Rapid"]
[Site "Warsaw POL"]
[Date "2008.12.20"]
[Round "8"]
[White "Berg,E"]
[Black "Sharevich,A"]
[Result "1-0"]
[WhiteElo "2623"]
[BlackElo "2322"]

1.e4 c5 2.Nf3 e6 3.d4 cxd4 4.Nxd4 a6 5.Bd3 Bc5 6.Nb3 Be7 7.O-O d6 8.c4 Nf6
9.Nc3 Qc7 10.Qe2 b6 11.f4 Nbd7 12.Bd2 Bb7 13.Nd4 h5 14.Rae1 Ng4 15.b4 Bf6
16.Nf3 g6 17.h3 Nh6 18.a3 h4 19.Qf2 Be7 20.Ng5 Ng8 21.Ne2 Ngf6 22.Bc3 Rh5
23.Nd4 e5 24.Nde6 fxe6 25.Nxe6 Qc8 26.Ng7+ Kf7 27.Nxh5 gxh5 28.Qxh4 Qh8 29.c5 b5
30.cxd6 Bxd6 31.fxe5 Bxe5 32.Bxe5 Nxe5 33.Rxf6+ Qxf6 34.Rf1 Qxf1+ 35.Bxf1 Ng6
36.Qxh5 Bxe4 37.Bd3 Bxd3 38.Qd5+  1-0

[Event "Open A"]
[Site "Groningen NED"]
[Date "2008.12.21"]
[Round "1"]
[White "Haast,A"]
[Black "De Jong,M"]
[Result "0-1"]
[WhiteElo "2054"]
[BlackElo "2349"]

1.e4 c5 2.Nf3 e6 3.d4 cxd4 4.Nxd4 a6 5.Bd3 Ne7 6.O-O Nbc6 7.Nb3 Ng6 8.Nc3 Be7
9.f4 d6 10.Be3 b5 11.Qe2 O-O 12.Rf3 Bf6 13.Rh3 e5 14.f5 Nf4 15.Bxf4 exf4
16.Qh5 h6 17.Nd5 Bxb2 18.Rf1 Be5 19.g3 fxg3 20.hxg3 Bf6 21.g4 Ne5 22.Rg3 Bg5
23.f6 gxf6 24.Nd4 Kg7 25.Nf5+ Bxf5 26.Rxf5 Rh8 27.Rg2 Ng6 28.Rgf2 Ra7 29.Qh2 Ne7
30.Nxf6 Nxf5 31.Nh5+ Kg8 32.Rxf5 Qb6+ 33.Kf1 Re7 34.Rd5 Re6 35.Qg2 Qe3 36.Ng3 Bh4
37.Ne2 Rf6+ 38.Rf5 Rxf5+ 39.exf5 Kg7 40.Qh2 Qf3+ 41.Kg1 Qxg4+  0-1

[Event "TCh-HUN 2008-9"]
[Site "Paks HUN"]
[Date "2008.12.21"]
[Round "4"]
[White "Toth,And1"]
[Black "Horvath,Cs1"]
[Result "1/2-1/2"]
[WhiteElo "2401"]
[BlackElo "2529"]

1.e4 c5 2.Nf3 e6 3.d4 cxd4 4.Nxd4 a6 5.Bd3 Bc5 6.Nb3 Be7 7.c4 d6 8.Nc3 Nf6
9.O-O b6 10.f4 Nbd7 11.Qe2 Bb7 12.Bd2 O-O 13.Nd4 Re8 14.Kh1 g6 15.Nf3 Bf8
16.Rae1 Bg7 17.Qf2 Rc8 18.Qh4 Nh5 19.Qf2 Bxc3 20.bxc3 e5 21.fxe5 dxe5 22.c5 Rxc5
23.Bc2 f6 24.Bb3+ Kh8 25.Qh4 Nf4 26.Bxf4 exf4 27.Qxf4 g5 28.Qd2 Bxe4 29.Rd1 Bxf3
30.gxf3 Re7 31.Qd6 Qe8 32.Bd5 Qf8 33.f4 Rg7 34.Qxf8+ Nxf8 35.fxg5 Rxg5 36.Rxf6 Rgxd5
37.Rxf8+ Kg7 38.Rdf1  1/2-1/2

[Event "ch-Paulista do Interior"]
[Site "Santos BRA"]
[Date "2008.12.21"]
[Round "6"]
[White "Matsuura,E"]
[Black "Cominato Neto,J"]
[Result "1/2-1/2"]
[WhiteElo "2469"]
[BlackElo "2150"]

1.e4 c5 2.Nf3 e6 3.d4 cxd4 4.Nxd4 a6 5.Bd3 g6 6.c4 Bg7 7.Be3 Ne7 8.Nc3 O-O
9.O-O d5 10.exd5 exd5 11.c5 Nbc6 12.Nde2 Ne5 13.Rc1  1/2-1/2

[Event "TCh-HUN 2008-9"]
[Site "Szombathely HUN"]
[Date "2008.12.21"]
[Round "4"]
[White "Hitter,G"]
[Black "Hando,V"]
[Result "0-1"]
[WhiteElo "2083"]
[BlackElo "2314"]

1.e4 c5 2.Nf3 e6 3.d4 cxd4 4.Nxd4 a6 5.Bd3 Nf6 6.O-O Qc7 7.Qe2 d6 8.c4 Bd7
9.Nc3 Nc6 10.Nf3 Be7 11.Rd1 O-O 12.h3 Rac8 13.Bf4 Ne5 14.Nxe5 dxe5 15.Be3 Bc5
16.Rac1 Qb6 17.Bxc5 Rxc5 18.Rd2 Rfc8 19.Rb1 Qb4 20.Qd1 R5c7 21.a3 Qe7 22.b4 Be8
23.Qf3 Nd7 24.Qe3 Nb8 25.Ne2 Nc6 26.c5 Rd8 27.Nc3 Nd4 28.Bf1 Bc6 29.Bc4 g6
30.Rbd1 Kg7 31.Qe1 Qg5 32.Kh2 Rcd7 33.Qe3 Qxe3 34.fxe3 Nc2 35.Rxd7 Rxd7 36.Rxd7 Bxd7
37.Nb1 Bc6 38.Bd3 Ne1 39.Be2 Bxe4 40.Nc3 Bd3 41.Bxd3 Nxd3 42.Ne4 Kf8 43.Nd6 a5
44.bxa5 Nxc5 45.Nxb7 Na6 46.Nd8 Ke7 47.Nc6+ Kd6 48.Nb4 Nc7 49.Kg1 e4 50.Kf2 Kc5
51.g4 h6 52.h4 g5 53.hxg5 hxg5 54.a6 Kb6 55.a7 Kb7 56.a4 f6 57.Ke2 Kxa7 58.Nc6+ Kb7
59.Ne7 Kb6 60.Ng6 Kc5 61.Ne7 Nd5 62.Nc8 Nc3+ 63.Kf2 Nxa4 64.Ne7 Nb6 65.Ng8 Nd5  0-1